University Home | Library Home | Institutional Repository

Philosophical foundations of education. (Record no. 168837)

MARC details
000 -LEADER
fixed length control field 00599cam1a220021700 4500
001 - CONTROL NUMBER
control field zam00002105
008 - FIXED-LENGTH DATA ELEMENTS--GENERAL INFORMATION
fixed length control field 951128s1976 xx eng u
035 ## - SYSTEM CONTROL NUMBER
System control number (Sirsi) r19484
035 ## - SYSTEM CONTROL NUMBER
System control number (MACHINE)SLC.
100 ## - MAIN ENTRY--PERSONAL NAME
Personal name Ozmon, H. A.
Linkage A80380.1
245 10 - TITLE STATEMENT
Title Philosophical foundations of education.
260 ## - PUBLICATION, DISTRIBUTION, ETC.
Date of publication, distribution, etc. 1976.
591 ## -
-- Class code: ED 322.
591 ## -
-- Course: History teaching methods.
591 ## -
-- School: S03.
591 ## -
-- Lecturer: Mr. BWALYA, I.
591 ## -
-- Number of Students: 64.
949 ## - LOCAL PROCESSING INFORMATION (OCLC)
a OZM1-PHI
w lcc
m MAIN
t BOOK
l ON-SHELF
909 ## -
-- Book

No items available.

© 2026 - The University of Zambia Library - Koha v25.11